Letra y música : la poesía en la canción /

Guardado en:
Autor Principal: Cortéz, Alberto
Otros Autores: Olivero, Pablo; il., Temes, Pablo; il.
Formato: Libro
Publicado: Buenos Aires : La Estación, 2014
Materias:
Etiquetas: Agregar Etiqueta
Sin Etiquetas, Sea el primero en etiquetar este registro!
LEADER 00967nam a22002535a 4500
001 CEM.cems015080
005 20190916161217.0
008 130507s2014##################000#0#####d
003 CEMS
020 |a 9789871935284 
082 0 4 |a 780 
100 1 |a Cortéz, Alberto 
245 1 0 |a Letra y música :  |b la poesía en la canción /  |c Alberto Cortéz ... y Otros ; ilustrado Por Pablo Olivero y Pablo Temes 
260 |a Buenos Aires :  |b La Estación,  |c 2014 
300 |a 128 p. 
505 0 |a Canciones que cuentan historias -- Canciones del mundo privado -- Canciones del mundo público -- Canciones que hacen poesía Trabajos en la estación -- Cuadro de movimientos literarios 
653 |a Literatura 
653 |a Literatura mundial 
653 |a Canciones 
653 |a Poesía 
653 |a Colección ciencias de la educación 
700 1 |a Olivero, Pablo; il. 
700 1 |a Temes, Pablo; il. 
859 |a CEMS  |b BIB. CEMS - Ccias. Educacion  |h 780  |i C818  |k CE  |p 28026.19  |t Ej.1